| 000 | 00368nam a2200145Ia 4500 | ||
|---|---|---|---|
| 005 | 20250424054945.0 | ||
| 008 | 240331s9999 xx 000 0 und d | ||
| 082 |
_bMAT _a290 |
||
| 100 | _aMathavan | ||
| 245 | 0 | _aUlaka samayangal | |
| 260 |
_aPuthukottai _bArunomzhi Pathippagam _c1999 |
||
| 300 | _a96 p ., | ||
| 500 | _aA book of Religions of the World | ||
| 942 | _cL | ||
| 999 |
_c3948 _d3948 |
||